ا صلا ح ،معا شر ہ ،ا و ر ا سلا م (Record no. 94074)

MARC details
000 -LEADER
fixed length control field 00781nam a22002177a 4500
005 - DATE AND TIME OF LATEST TRANSACTION
control field 20150603165059.0
008 - FIXED-LENGTH DATA ELEMENTS--GENERAL INFORMATION
fixed length control field 140714b xxu||||| |||| 00| 0 Urdu d
010 ## - LCCN (DPL NO)
LC control number UR-8999
020 ## - INTERNATIONAL STANDARD BOOK NUMBER
Terms of availability 150.00
035 ## - SYSTEM CONTROL NUMBER
System control number U-7554
037 ## - SOURCE OF ACQUISITION
Source of stock number/acquisition BPPD/Pub/Ven
040 ## - CATALOGING SOURCE
Original cataloging agency DPL
Language of cataloging Urdu
082 ## - DEWEY DECIMAL CLASSIFICATION NUMBER
Classification number 270.649
100 ## - MAIN ENTRY--PERSONAL NAME
Personal name مو لا نا محمد شمشا د ند و ی
245 ## - TITLE STATEMENT
Title ا صلا ح ،معا شر ہ ،ا و ر ا سلا م
Statement of responsibility, etc مو لا نا محمد شمشا د ند و ی
246 #h - VARYING FORM OF TITLE
Title proper/short title Islaha, Maashrah, aur Islam
Remainder of title by Moulana Mohd. Shamshad Nidvi
260 ## - PUBLICATION, DISTRIBUTION, ETC. (IMPRINT)
Name of publisher, distributor, etc Alhadia Islamic Reaserch Center,
Date of publication, distribution, etc 2007
Place of publication, distribution, etc Rajisthan
270 ## - ADDRESS
Address Jamiatul Hadia Ramgarh Road
City Jaipur
Telephone number 9460866130
Postal code 302027
300 ## - PHYSICAL DESCRIPTION
Extent 278
Dimensions 22Cm (Hb)
942 ## - ADDED ENTRY ELEMENTS (KOHA)
Source of classification or shelving scheme Dewey Decimal Classification
Item type Urdu Bks
Edition
Classification part 270.649
Call number suffix م ح م
Holdings
Withdrawn status Lost status Source of classification or shelving scheme Damaged status Not for loan Collection code Home library Current library Date acquired Source of acquisition Cost, normal purchase price Total Checkouts Full call number Barcode Date last seen Copy number Cost, replacement price Koha item type
    Dewey Decimal Classification   Not For Loan Non-fiction D.B.Act.Division D.B.Act.Division 03/06/2015 DBAD/Pub. 150.00   270.649 م ح م U-7554 03/06/2015 1 150.00 Urdu Bks

© Delhi Public Library
Hit Counter
free hit counter